Представление документа в формате RUSMARC

ПолеНазваниеЗначение
  Тип записи a
  Библиографический уровень a
001 Контрольный номер RU/УОНБ/EK_Kray/431873180
005 Дата корректировки 20240131005104.9
100 Данные общей обработки __
a Данные общей обработки 20130907d2013 ||| 0rusy0189 ca
101 Язык документа 0_
a Язык текста rus
102 Страна публикации __
a Страна публикации RU
105 Кодированные данные (монография) __
a Кодированные данные (монография) y###||||000|y
200 Заглавие и сведения об ответственности 1_
a Заглавие Брыльска нас любит
f Первые сведения об ответственности Сергей Гогин
215 Физическое описание __
c Иллюстрации/тип воспроизводства 2 портр., 1 фот.
225 Серия 1_
a Серия Кинофестиваль
330 Аннотация __
a Аннотация V Международный фестиваль кино- и телепрограмм для семейного просмотра "От всей души". Гости фестиваля Б. Брыльска и Е. Кончаловский.
461 Уровень набора _0
1 2000
a Симбирский курьер
1 011
463 Уровень физической единицы _0
1 001RU/УОНБ/EK_Kray/431872043
1 2000
a 28 мая
v С. 6
1 210
d 2013
600 Персоналии _1
a Персоналии (Фамилия) Брыльска, Барбара
600 Персоналии _1
a Персоналии (Фамилия) Кончаловский, Егор
610 Ключевые слова 0_
a Ключевые слова фестиваль "От всей души"
610 Ключевые слова 0_
a Ключевые слова кинофестивали
610 Ключевые слова 0_
a Ключевые слова гости кинофестиваля
686 Индексы других классификаций __
a Классификационный индекс 85.37
2 Код системы rubbk
700 Автор _1
a Фамилия Гогин
b Имя (инициалы) С.
g Полное личное имя Сергей
4 Код отношения 070
801 Источник записи _0
a Страна RU
b Организация Ульяновская ОНБ
c Дата составления 20130907
g Правила каталогизации RCR
801 Источник записи _1
a Страна RU
b Организация Ульяновская ОНБ
c Дата составления 20130907
g Правила каталогизации RCR
901 Тип документа __
t Тип документа f
w Контрольный № источника RU/УОНБ/EK_Kray/431872043
909 Создатель записи __
a Создатель записи Бороденкова
938 Служебная информация __
a Имя БД kraeved_work
b Имя библиотеки УОНБ
c Имя АИБС МАРК-SQL
d Номер DOC_ID в БД 97024